| 000 | 00434cam a2200169ua 4500 | ||
|---|---|---|---|
| 020 | _c15.00 | ||
| 041 |
_aeng _h |
||
| 082 |
_a530 _bKIN/EL |
||
| 100 | _aKingsbury, Robert F . | ||
| 245 |
_aElements of physics / _cRobert F Kingsbury. _hTextual Documents |
||
| 260 |
_aNew Delhi : _bAffiliated East West Press Pvt Ltd , _c1966. |
||
| 300 | _a630 ; . | ||
| 365 | _a15.00 | ||
| 504 | _a | ||
| 942 | _cBK | ||
| 999 |
_c7522 _d7522 |
||